'G' in Geography Quiz Stats

 Plays Quiz Updated Aug 29, 2017

Also try: 'H' in Geography
Challenge
Share
Tweet
Score 0/16 Timer 05:00
8 Plays Today
Question Answer % Correct
Which island, the world's largest, is an autonomous constituent country of the Kingdom of Denmark?Greenland
95.5%
Can you name the landmark in the images above?Golden Gate Bridge
92.4%
What island comprises England, Scotland, and Wales?Great Britain
91.6%
What feature in Arizona is formed from the Colorado River?Grand Canyon
86.3%
What is the name of the world's largest coral reef system in the Coral Sea off NE Australia?Great Barrier Reef
85%
What is the name given to a spring erupting water and steam, eg. Old Faithful?Geyser
84.5%
What is the name of the desert in northern China/southern Mongolia?Gobi
83.5%
Can you name the country whose outline is in the images above?Germany
82.5%
Question Answer % Correct
Which river is India's longest, having its source in the Himalayas and mouth in the Bay of Bengal?Ganges River
81.2%
Which US territory in the western Pacific is the largest of the Mariana Islands?Guam
80.8%
Which time zone, equivalent to UTC, is used by countries in Western Europe/NW Africa?Greenwich Mean Time
79.6%
Which British territory lies at the entrance to the Mediterranean Sea?Gibraltar
77.8%
Which archipelago, belonging to Ecuador, lies on the equator in the Pacific?Galápagos Islands
70.7%
Can you name the country whose flag is in the images above?Guyana
64.8%
Which city is Mexico's third largest in terms of population?Guadalajara
60.5%
Can you name the water body in the images above?Gulf of California
45.3%

You're not logged in!

Compare scores with friends on all Sporcle quizzes.
OR
Log In

You Might Also Like...

Show Comments

Extras

Top Quizzes Today


Score Distribution

Your Account Isn't Verified!

In order to create a playlist on Sporcle, you need to verify the email address you used during registration. Go to your Sporcle Settings to finish the process.

Report this User

Report this user for behavior that violates our Community Guidelines.

Details: